La femme : (Registro nro. 53634)
[ vista simple ]
| 000 -LEADER | |
|---|---|
| campo de control de longitud fija | 00692nam a2200193 i 4500 |
| 001 - NÚMERO DE CONTROL | |
| campo de control | 53634 |
| 003 - IDENTIFICADOR DE NÚMERO DE CONTROL | |
| campo de control | ES-MaACL |
| 005 - FECHA Y HORA DE LA ÚLTIMA TRANSACCIÓN | |
| campo de control | 20250728033652.0 |
| 007 - CAMPO FIJO DE DESCRIPCIÓN FÍSICA--INFORMACIÓN GENERAL | |
| campo de control de longitud fija | t| |
| 008 - DATOS DE LONGITUD FIJA--INFORMACIÓN GENERAL | |
| campo de control de longitud fija | 031105s1925 gw ||||1| fre d |
| 245 03 - MENCIÓN DEL TÍTULO | |
| Título | La femme : |
| Resto del título | nature et civilisation : cent vingt photographies / |
| Mención de responsabilidad, etc. | choisies par le Dr. Pierre Landow. |
| 260 ## - PUBLICACIÓN, DISTRIBUCIÓN, ETC. | |
| Lugar de publicación, distribución, etc. | Berlin : |
| Nombre del editor, distribuidor, etc. | Maison d'Edition de la Société pour la Popularisation de l'Art Classique, |
| Fecha de publicación, distribución, etc. | [1925] |
| 300 ## - DESCRIPCIÓN FÍSICA | |
| Extensión | X p., 120 h. de lám. fot. ; |
| Dimensiones | 32 cm. |
| 650 #4 - PUNTO DE ACCESO ADICIONAL DE MATERIA--TÉRMINO DE MATERIA | |
| Término de materia o nombre geográfico como elemento de entrada | Mujeres- |
| Subdivisión de forma | Obras ilustradas. |
| 9 (RLIN) | 174095 |
| 650 #7 - PUNTO DE ACCESO ADICIONAL DE MATERIA--TÉRMINO DE MATERIA | |
| Término de materia o nombre geográfico como elemento de entrada | Fotografía de desnudo |
| Fuente del encabezamiento o término | embne |
| 9 (RLIN) | 12962 |
| 700 1# - ENTRADA AGREGADA--NOMBRE PERSONAL | |
| Nombre de persona | Landow, Pierre. |
| 9 (RLIN) | 69969 |
| 852 4# - LOCALIZACIÓN | |
| Ubicación | ES-MaACL |
| Número de control de estantería | B-5911 |
| Estatus retirado | Estado de pérdida | Estado de daño | No para préstamo | Biblioteca de origen | Biblioteca actual | Ubicación en estantería | Fecha de adquisición | Fuente de adquisición | Total de préstamos | Signatura topográfica completa | Código de barras | Visto por última vez | Precio de reemplazo | Tipo de ítem Koha |
|---|---|---|---|---|---|---|---|---|---|---|---|---|---|---|
| Biblioteca del Ateneo de Madrid | Biblioteca del Ateneo de Madrid | Sala Pardo Bazán | 17/01/2008 | B-5911 | 1056357 | 23/02/2023 | 23/02/2023 | Libro impreso |
